| 000 | 01819nam a2200385 c 4500 | ||
|---|---|---|---|
| 003 | BLK | ||
| 005 | 20240124165100.0 | ||
| 008 | 180409b bul|||||r ||||||| ||bul|| | ||
| 010 | _aKNG00105711000 | ||
| 020 |
_a954-494-457-5 _bиздат.: Унив. изд. Стопанство |
||
| 040 | _aBLK | ||
| 041 |
_aBUL _cBUL |
||
| 080 |
_aТуризмът от стопанско гледище. Политика по отношение на туризма. Икономика и организация на туризма. Вътрешен и международен туризъм. Вж и 379.8 _b338.48 _x:379.822 _z338.48:379.822 |
||
| 100 | 1 |
_aКостов, Енчо Костов _eпърви автор _9368260 |
|
| 139 |
_aКостов, Енчо Костов _bК 86 |
||
| 245 | 1 | 0 |
_aКултурният туризъм _cЕнчо Костов Костов. |
| 257 | _aBGR | ||
| 260 |
_аСофия _bУнив. изд. Стопанство _c2001 |
||
| 300 |
_a164 с. _bс табл. _c24 см |
||
| 380 | _a3 | ||
| 500 | _aИзд. на УНСС. - Библиогр. 160-161. | ||
| 504 | _a160-161 | ||
| 650 | 4 |
_aСтопански туризъм - икономика и организация _9257289 |
|
| 650 | 4 |
_aТуризъм, международен - икономика и организация _9248420 |
|
| 650 | 4 |
_aТуристически обекти - с културно-религиозен характер _9308539 |
|
| 653 | _aтуризъм | ||
| 653 | _aтуристически забележителности | ||
| 653 | _aкултурен туризъм | ||
| 852 | _aЦб 214606 | ||
| 856 | 4 |
_qpdf _u |
|
| 856 | 4 |
_qpdf _u |
|
| 942 |
_cKNG _n0 _02 |
||
| 944 |
_aCR _c01.01.2001 _k30531 _lЦветелина Шанова |
||
| 944 |
_aED _c20.07.2016 _kГеновева_Генчева |
||
| 999 |
_c100686 _d100686 |
||